[Event "28. Klatovy A 2022"]
[Site "Klatovy"]
[Date "2022.07.07"]
[Round "6.25"]
[White "Paldus, Jan"]
[Black "Popov, Roman4"]
[Result "0-1"]
[WhiteElo "1709"]
[BlackElo "1826"]
[PlyCount "86"]
[EventDate "2022.07.02"]
[EventType "swiss"]
[EventRounds "9"]
[EventCountry "CZE"]

1. e4 c6 2. d4 d5 3. Nc3 dxe4 4. Nxe4 Bf5 5. Ng3 Bg6 6. Nf3 Nd7 7. h4 h6 8. Bd3 Bxd3 9. Qxd3 e6 10. Bd2 Qc7 11. c4 Ngf6 12. Ne4 O-O-O 13. O-O-O c5 14. Bc3 cxd4 15. Qxd4 Bc5 16. Nxc5 Nxc5 17. Qe5 Nfe4 18. Qxc7+ Kxc7 19. Rxd8 Rxd8 20. Bxg7 Nd3+ 21. Kc2 Nexf2 22. Rf1 Ng4 23. Bd4 Nb4+ 24. Kb3 Nc6 25. Bc3 e5 26. Nd2 f5 27. g3 Rd3 28. Ka4 Ne3 29. Rg1 h5 30. c5 Nd5 31. Nb1 e4 32. Rf1 e3 33. Rxf5 e2 34. Be1 b5+ 35. Kxb5 Rd1 36. Bf2 Nd4+ 37. Bxd4 e1=Q 38. Rxd5 Qe2+ 39. Ka5 Rxb1 40. Be5+ Kc6 41. Rd6+ Kxc5 42. b4+ Rxb4 43. Bf4 Qxa2# 0-1

[Event "28. Klatovy A 2022"]
[Site "Klatovy"]
[Date "2022.07.07"]
[Round "6.26"]
[White "Cecil, Pavel"]
[Black "Fiser, Jiri2"]
[Result "1-0"]
[WhiteElo "1898"]
[BlackElo "1800"]
[PlyCount "91"]
[EventDate "2022.07.02"]
[EventType "swiss"]
[EventRounds "9"]
[EventCountry "CZE"]

1. Nf3 f5 2. d4 Nf6 3. g3 g6 4. Bg2 Bg7 5. O-O O-O 6. c4 d6 7. Nc3 c6 8. b3 a5 9. Bb2 Na6 10. Qd2 Qc7 11. Rac1 e5 12. Rfd1 e4 13. Ne1 Bd7 14. e3 g5 15. a3 Rae8 16. Ne2 Nh5 17. Bc3 b6 18. Nc2 Rf7 19. b4 axb4 20. axb4 d5 21. b5 cxb5 22. cxd5 Qb7 23. Ra1 Ra8 24. d6 Bf8 25. Nb4 Bxd6 26. Nxa6 Rxa6 27. Rxa6 Qxa6 28. Ra1 Qb7 29. Bb4 Bxb4 30. Qxb4 f4 31. Nc3 f3 32. Bf1 Nf6 33. Nxb5 Bxb5 34. Qxb5 Nd5 35. Qe8+ Kg7 36. Qxe4 Nc3 37. Qxb7 Rxb7 38. Bh3 h5 39. Bf5 b5 40. Be6 b4 41. Bb3 Rc7 42. Kf1 Ne2 43. Ke1 g4 44. Kd2 Rc3 45. Rb1 Rc8 46. Bd1 1-0

[Event "28. Klatovy A 2022"]
[Site "Klatovy"]
[Date "2022.07.07"]
[Round "6.27"]
[White "Rerabek, Jaroslav"]
[Black "Boucek, Vlastimil 1968"]
[Result "0-1"]
[WhiteElo "1721"]
[BlackElo "1756"]
[PlyCount "128"]
[EventDate "2022.07.02"]
[EventType "swiss"]
[EventRounds "9"]
[EventCountry "CZE"]

1. e4 d5 2. exd5 Qxd5 3. d4 c6 4. Nc3 Qa5 5. Bd2 Bf5 6. Nf3 Nd7 7. Be2 Ngf6 8. h3 h6 9. O-O e6 10. a3 Qc7 11. Re1 Bd6 12. Be3 O-O 13. Bd3 Bxd3 14. Qxd3 Nd5 15. Nxd5 cxd5 16. c3 Nf6 17. Nd2 Bf4 18. Rac1 Bxe3 19. Qxe3 b5 20. Qd3 a6 21. Re3 Qd6 22. Rf3 Nd7 23. Re1 e5 24. Qf5 e4 25. Rfe3 g6 26. Qg4 f5 27. Qd1 f4 28. R3e2 Rf5 29. Nxe4 dxe4 30. Rxe4 Qd5 31. h4 h5 32. Re6 Kg7 33. Re7+ Rf7 34. R7e6 f3 35. Qd3 Qf5 36. Qe3 fxg2 37. Re4 Raf8 38. Re2 Qd5 39. f4 Qf5 40. Rxg2 Nf6 41. Re5 Qb1+ 42. Qe1 Qxe1+ 43. Rxe1 Ng4 44. Rge2 Rxf4 45. Re6 R4f6 46. R6e2 a5 47. a4 b4 48. c4 Rf4 49. Rd2 Rd8 50. Red1 Ne3 51. Rc1 Rfxd4 52. Rxd4 Rxd4 53. c5 Rc4 54. Re1 Nd5 55. Re8 Rxc5 56. Ra8 Rc1+ 57. Kf2 Rc2+ 58. Kf3 Rxb2 59. Rxa5 b3 60. Rxd5 Ra2 61. Rb5 Rxa4 62. Rxb3 Rxh4 63. Rb7+ Kh6 64. Rb6 Rc4 0-1

[Event "28. Klatovy A 2022"]
[Site "Klatovy"]
[Date "2022.07.08"]
[Round "7.1"]
[White "Eret, Matous"]
[Black "Straka, Vojtech"]
[Result "0-1"]
[WhiteElo "2273"]
[BlackElo "2421"]
[PlyCount "44"]
[EventDate "2022.07.02"]
[EventType "swiss"]
[EventRounds "9"]
[EventCountry "CZE"]

1. f4 c5 2. Nf3 g6 3. e3 Bg7 4. d4 d5 5. c3 Nf6 6. Bd3 O-O 7. O-O b6 8. Nbd2 Ba6 9. Bxa6 Nxa6 10. Qe2 Nc7 11. Ne5 Nce8 12. g4 Nd6 13. Ndf3 Nfe4 14. Bd2 f6 15. Nd3 Qd7 16. Qg2 Qb5 17. Qe2 c4 18. Nb4 a5 19. a4 Qd7 20. Nc2 Qxg4+ 21. Kh1 e5 22. Rg1 Qh5 0-1

[Event "28. Klatovy A 2022"]
[Site "Klatovy"]
[Date "2022.07.08"]
[Round "7.2"]
[White "Slovak, Kilian"]
[Black "Dvorak, Jan"]
[Result "1-0"]
[WhiteElo "2321"]
[BlackElo "2194"]
[PlyCount "93"]
[EventDate "2022.07.02"]
[EventType "swiss"]
[EventRounds "9"]
[EventCountry "CZE"]

1. e4 e6 2. d4 d5 3. Nc3 Bb4 4. exd5 exd5 5. Bd3 Nc6 6. Nf3 Nge7 7. O-O O-O 8. Ne2 Bf5 9. Ng3 Bg6 10. Bf4 Qd7 11. h4 Bd6 12. Bxd6 Qxd6 13. h5 Bxd3 14. Qxd3 h6 15. Rae1 Rae8 16. Re3 Nc8 17. Rfe1 Rxe3 18. Qxe3 Qf6 19. c3 Nd6 20. Ne5 Re8 21. Re2 Re7 22. Ng4 Qh4 23. Qf4 Qg5 24. Qxg5 hxg5 25. Ne3 Nc4 26. Nxd5 Rxe2 27. Nxe2 Nxb2 28. Nxc7 Kf8 29. Nb5 Nc4 30. Ng3 a6 31. Nc7 Nd6 32. Nd5 b5 33. Kf1 f5 34. Ke2 Kf7 35. Kd3 a5 36. Nf1 g6 37. hxg6+ Kxg6 38. Nd2 Kf7 39. Ne3 Kf6 40. a3 f4 41. Ng4+ Kf5 42. f3 Ne7 43. Nf2 Nd5 44. Nfe4 Ne8 45. c4 bxc4+ 46. Nxc4 a4 47. Nc5 1-0

[Event "28. Klatovy A 2022"]
[Site "Klatovy"]
[Date "2022.07.08"]
[Round "7.3"]
[White "Hurdzan, Tomas"]
[Black "Simet, Martin"]
[Result "1/2-1/2"]
[WhiteElo "2317"]
[BlackElo "2155"]
[PlyCount "83"]
[EventDate "2022.07.02"]
[EventType "swiss"]
[EventRounds "9"]
[EventCountry "CZE"]

1. d4 b5 2. e4 a6 3. Nd2 e6 4. a4 b4 5. Ngf3 Bb7 6. Bd3 c5 7. dxc5 Bxc5 8. O-O d5 9. e5 Nc6 10. Nb3 Bb6 11. Qe2 Nge7 12. c3 Ng6 13. Nbd4 bxc3 14. bxc3 Qc7 15. Nxc6 Qxc6 16. Rb1 Ba5 17. Nd4 Qc7 18. Ba3 Bc8 19. Bxg6 hxg6 20. Bb4 Rh4 21. f4 Bd7 22. g3 Rh5 23. Rfc1 Bb6 24. Bd6 Qa7 25. Qb2 Bc7 26. Qa3 Bxd6 27. Qxd6 Bxa4 28. Rb6 Bb5 29. Kg2 Rd8 30. Qc5 Qe7 31. Rd6 Bd7 32. Rb1 Rc8 33. Qa5 Bb5 34. Nxb5 axb5 35. Rxb5 Kf8 36. Rc5 Rb8 37. Rb5 Re8 38. Qa6 Kg8 39. Rb7 Qf8 40. Rdd7 Rf5 41. Qa7 Ra8 42. Qe3 1/2-1/2

[Event "28. Klatovy A 2022"]
[Site "Klatovy"]
[Date "2022.07.08"]
[Round "7.4"]
[White "Lhotska, Anna"]
[Black "Kopta, Pavel"]
[Result "0-1"]
[WhiteElo "2113"]
[BlackElo "2234"]
[PlyCount "86"]
[EventDate "2022.07.02"]
[EventType "swiss"]
[EventRounds "9"]
[EventCountry "CZE"]

1. e4 c5 2. Nf3 d6 3. d4 cxd4 4. Nxd4 Nf6 5. Nc3 g6 6. Be3 Bg7 7. f3 Nbd7 8. Qd2 h5 9. Bc4 a6 10. Bb3 Qc7 11. O-O-O Ne5 12. h3 Nc4 13. Bxc4 Qxc4 14. Kb1 b5 15. e5 Nd5 16. Nxd5 Qxd5 17. exd6 Qxd6 18. Qc1 Qc7 19. Rhe1 O-O 20. g4 e5 21. Ne2 hxg4 22. hxg4 Bb7 23. Bh6 Bxf3 24. Qe3 Bxg4 25. Rh1 f5 26. Rdg1 Rae8 27. Bxg7 Qxg7 28. Rh6 Kf7 29. Rgh1 Rh8 30. Rxh8 Rxh8 31. Qa7+ Kf6 32. Qb6+ Kg5 33. Rg1 Qd7 34. Qe3+ Kf6 35. Qb6+ Qe6 36. Qe3 Rh2 37. Nc3 b4 38. Na4 Qc6 39. Nc5 Re2 40. Qd3 Qxc5 41. Qd8+ Kf7 42. Qd7+ Qe7 43. Qd5+ Kg7 0-1

[Event "28. Klatovy A 2022"]
[Site "Klatovy"]
[Date "2022.07.08"]
[Round "7.5"]
[White "Formanek, Martin"]
[Black "Jun, Rudolf Jr"]
[Result "1/2-1/2"]
[WhiteElo "2233"]
[BlackElo "2134"]
[PlyCount "66"]
[EventDate "2022.07.02"]
[EventType "swiss"]
[EventRounds "9"]
[EventCountry "CZE"]

1. Nf3 Nf6 2. g3 g6 3. Bg2 Bg7 4. O-O O-O 5. c4 d6 6. Nc3 c6 7. d3 Nbd7 8. Rb1 e5 9. b4 Re8 10. Ne1 Nf8 11. b5 d5 12. Bg5 Be6 13. Qa4 Qd6 14. Nc2 N8d7 15. bxc6 bxc6 16. Nb4 Rec8 17. cxd5 cxd5 18. Nb5 Qf8 19. Na6 Ne8 20. Rfc1 Nb6 21. Qa5 Rxc1+ 22. Rxc1 Bh6 23. Bxh6 Qxh6 24. e3 Qf8 25. Nxa7 Rxa7 26. Qxb6 Qa3 27. Rc6 Bd7 28. Qxa7 Bxc6 29. Qb6 Qc1+ 30. Bf1 Bd7 31. Qd8 Bh3 32. Qxe8+ Kg7 33. Qxe5+ Kg8 1/2-1/2

[Event "28. Klatovy A 2022"]
[Site "Klatovy"]
[Date "2022.07.08"]
[Round "7.6"]
[White "Jurek, Josef"]
[Black "Flajsman, Pavel"]
[Result "1-0"]
[WhiteElo "2200"]
[BlackElo "2177"]
[PlyCount "93"]
[EventDate "2022.07.02"]
[EventType "swiss"]
[EventRounds "9"]
[EventCountry "CZE"]

1. d4 d5 2. c4 c6 3. Nf3 Nf6 4. Nc3 e6 5. e3 Nbd7 6. Qc2 Bd6 7. Bd3 O-O 8. O-O dxc4 9. Bxc4 Qc7 10. h3 a6 11. Bd3 c5 12. Ne4 Nxe4 13. Bxe4 Nf6 14. Bd3 cxd4 15. Qxc7 Bxc7 16. Nxd4 e5 17. Nb3 Rd8 18. Be2 Be6 19. Nc5 Bd5 20. Rd1 Bd6 21. Na4 Bc6 22. Nb6 Rab8 23. Bd2 Bc7 24. Ba5 Rxd1+ 25. Rxd1 Rd8 26. Rxd8+ Bxd8 27. Kf1 e4 28. Nc4 Bxa5 29. Nxa5 Bd5 30. Bc4 b6 31. Bxd5 Nxd5 32. Nc4 f5 33. Nd6 g6 34. g4 f4 35. Ke2 fxe3 36. fxe3 Nf6 37. g5 Nd7 38. Nxe4 Kf7 39. Nd2 Ke6 40. e4 Ke5 41. Ke3 Kd6 42. Kd4 Nc5 43. Nc4+ Kc6 44. h4 Nd7 45. Ne5+ Kd6 46. Nxd7 Kxd7 47. Kd5 1-0

[Event "28. Klatovy A 2022"]
[Site "Klatovy"]
[Date "2022.07.08"]
[Round "7.7"]
[White "Skypala, Ondrej"]
[Black "Janous, Marek"]
[Result "0-1"]
[WhiteElo "2142"]
[BlackElo "2175"]
[PlyCount "64"]
[EventDate "2022.07.02"]
[EventType "swiss"]
[EventRounds "9"]
[EventCountry "CZE"]

1. Nf3 c6 2. c4 d5 3. g3 Nf6 4. Bg2 e6 5. O-O Be7 6. d3 O-O 7. Qc2 Nbd7 8. a3 b6 9. Nc3 Bb7 10. b4 c5 11. cxd5 exd5 12. bxc5 Bxc5 13. Bf4 Rc8 14. Qb2 a6 15. Na4 Be7 16. Rfc1 b5 17. Rxc8 Bxc8 18. Nc3 Nc5 19. Na2 Bb7 20. Nb4 Ne6 21. Bd2 Nd7 22. Rc1 Ndc5 23. d4 Na4 24. Qb3 Qa8 25. Bh3 Nb6 26. Nd3 Nc4 27. Bb4 Qd8 28. a4 bxa4 29. Qxa4 a5 30. Bxe7 Qxe7 31. Nde5 Nxd4 32. Nd7 Bc6 0-1

[Event "28. Klatovy A 2022"]
[Site "Klatovy"]
[Date "2022.07.08"]
[Round "7.9"]
[White "Vorisek, Jaroslav"]
[Black "Kroulik, Vaclav"]
[Result "1-0"]
[WhiteElo "2270"]
[BlackElo "1749"]
[PlyCount "69"]
[EventDate "2022.07.02"]
[EventType "swiss"]
[EventRounds "9"]
[EventCountry "CZE"]

1. e4 c5 2. b3 Nc6 3. Bb2 Nf6 4. e5 Nd5 5. Nf3 e6 6. Bc4 Nb6 7. Bd3 Qc7 8. Qe2 Nd5 9. g3 b6 10. Ng5 Bb7 11. Rf1 Be7 12. h4 Ndb4 13. f4 Nxd3+ 14. Qxd3 Nb4 15. Qc3 f6 16. Nf3 O-O-O 17. a3 Nc6 18. Qe3 d5 19. exf6 d4 20. Qxe6+ Kb8 21. fxe7 Rde8 22. Kf2 Rxe7 23. Qf5 Rhe8 24. Re1 Rxe1 25. Nxe1 Qe7 26. Nc3 dxc3 27. Bxc3 Qe2+ 28. Kg1 Bc8 29. Qd3 Qg4 30. Kf2 Nd4 31. Bxd4 cxd4 32. Nf3 Bf5 33. Qxd4 Be4 34. Ne5 Qf5 35. Re1 1-0

[Event "28. Klatovy A 2022"]
[Site "Klatovy"]
[Date "2022.07.08"]
[Round "7.10"]
[White "Gernert, Otakar"]
[Black "Palek, Miroslav"]
[Result "1/2-1/2"]
[WhiteElo "2039"]
[BlackElo "2125"]
[PlyCount "34"]
[EventDate "2022.07.02"]
[EventType "swiss"]
[EventRounds "9"]
[EventCountry "CZE"]

1. d4 Nf6 2. Nf3 e6 3. c4 Bb4+ 4. Bd2 Qe7 5. a3 Bxd2+ 6. Nbxd2 d6 7. e4 e5 8. d5 O-O 9. h3 Nbd7 10. b4 b6 11. Bd3 a5 12. O-O axb4 13. axb4 Bb7 14. Qb3 Rfb8 15. Qb2 Qd8 16. Rxa8 Rxa8 17. Ra1 Rxa1+ 1/2-1/2

[Event "28. Klatovy A 2022"]
[Site "Klatovy"]
[Date "2022.07.08"]
[Round "7.11"]
[White "Kopriva, Martin"]
[Black "Turner, Radek"]
[Result "1-0"]
[WhiteElo "2124"]
[BlackElo "2032"]
[PlyCount "61"]
[EventDate "2022.07.02"]
[EventType "swiss"]
[EventRounds "9"]
[EventCountry "CZE"]

1. d4 g6 2. c4 Bg7 3. Nc3 d6 4. e4 Nc6 5. Be3 e5 6. d5 Nce7 7. Qd2 f5 8. f3 f4 9. Bf2 Nf6 10. Nge2 g5 11. c5 O-O 12. Nc1 a6 13. Nb3 Bd7 14. Na5 b6 15. cxb6 cxb6 16. Nc4 Nc8 17. a4 Rb8 18. Na3 Ra8 19. Bd3 h5 20. Qe2 Bxa4 21. Nxa4 b5 22. Nc5 Qa5+ 23. Qd2 Qxd2+ 24. Kxd2 dxc5 25. Bxc5 Rd8 26. Nxb5 Rb8 27. Rxa6 Nxd5 28. exd5 Rxd5 29. Rc6 Ne7 30. Bxe7 Rbxb5 31. Kc2 1-0

[Event "28. Klatovy A 2022"]
[Site "Klatovy"]
[Date "2022.07.08"]
[Round "7.12"]
[White "Novotny, Jaroslav2"]
[Black "Jirousek, Jan"]
[Result "0-1"]
[WhiteElo "1911"]
[BlackElo "2094"]
[PlyCount "96"]
[EventDate "2022.07.02"]
[EventType "swiss"]
[EventRounds "9"]
[EventCountry "CZE"]

1. d4 c6 2. e4 d5 3. Nd2 dxe4 4. Nxe4 Bf5 5. Ng3 Bg6 6. h4 h6 7. Nf3 Nd7 8. h5 Bh7 9. Bd3 Bxd3 10. Qxd3 Ngf6 11. Bf4 e6 12. O-O-O Be7 13. Kb1 O-O 14. Ne5 Nd5 15. Bd2 Nxe5 16. dxe5 Qb6 17. c4 Nc7 18. Qe2 Na6 19. Ne4 Nc5 20. Be3 Qa5 21. Bxc5 Bxc5 22. Nxc5 Qxc5 23. Rd7 Rad8 24. Rhd1 Rxd7 25. Rxd7 b5 26. cxb5 cxb5 27. Rd2 a5 28. Rc2 Qd5 29. f4 Rd8 30. Qe1 b4 31. b3 Qd3 32. Qe2 Qf5 33. Qc4 Qxh5 34. Qc7 Rd1+ 35. Rc1 Qg6+ 36. Qc2 Qxc2+ 37. Kxc2 Rxc1+ 38. Kxc1 Kf8 39. Kd2 Ke7 40. Kd3 Kd7 41. Ke4 Kc6 42. Kd4 h5 43. g3 Kb5 44. f5 exf5 45. Kd5 f4 46. gxf4 h4 47. Ke4 Kc5 48. f5 h3 0-1

[Event "28. Klatovy A 2022"]
[Site "Klatovy"]
[Date "2022.07.08"]
[Round "7.13"]
[White "Novak, Vaclav2"]
[Black "Skola, Miroslav"]
[Result "1-0"]
[WhiteElo "1904"]
[BlackElo "2086"]
[PlyCount "27"]
[EventDate "2022.07.02"]
[EventType "swiss"]
[EventRounds "9"]
[EventCountry "CZE"]

1. e4 e6 2. d4 d5 3. exd5 exd5 4. Bf4 Bd6 5. Bxd6 Qxd6 6. Nf3 Ne7 7. Bd3 Qb4+ 8. Nbd2 Qxb2 9. O-O Qa3 10. Re1 Nbc6 11. Ng5 g6 12. Qf3 O-O 13. Nxh7 Nxd4 14. Qf6 1-0

[Event "28. Klatovy A 2022"]
[Site "Klatovy"]
[Date "2022.07.08"]
[Round "7.14"]
[White "Kupsa, Matej 2001"]
[Black "Krauskopfova, Lenka 1996"]
[Result "1-0"]
[WhiteElo "2079"]
[BlackElo "1839"]
[PlyCount "79"]
[EventDate "2022.07.02"]
[EventType "swiss"]
[EventRounds "9"]
[EventCountry "CZE"]

1. d4 Nf6 2. Bg5 e6 3. e3 d5 4. Nd2 Nbd7 5. f4 c5 6. c3 h6 7. Bh4 Qb6 8. Rb1 Qc7 9. Ngf3 a6 10. Ne5 b5 11. Bd3 Bb7 12. Qf3 Nb6 13. f5 Bc8 14. Bxf6 gxf6 15. Ng4 Be7 16. fxe6 Bxe6 17. Nxf6+ Bxf6 18. Qxf6 Rg8 19. g3 h5 20. Nf3 Qe7 21. Qxe7+ Kxe7 22. dxc5 Na4 23. c6 Kd6 24. Nd4 h4 25. Kf2 hxg3+ 26. hxg3 Rg5 27. Bc2 Nb6 28. b3 Rag8 29. Rh6 Nc8 30. Bf5 Re8 31. Rbh1 Na7 32. c7 Kd7 33. Bxe6+ fxe6 34. Rh7+ Kd6 35. R1h6 Re5 36. Rf6 Re7 37. Rxe7 Kxe7 38. Nc6+ Kd6 39. Nxe5 Kxe5 40. Rf8 1-0

[Event "28. Klatovy A 2022"]
[Site "Klatovy"]
[Date "2022.07.08"]
[Round "7.15"]
[White "Danko, Jiri"]
[Black "Kunc, Jan"]
[Result "1/2-1/2"]
[WhiteElo "1837"]
[BlackElo "2062"]
[PlyCount "93"]
[EventDate "2022.07.02"]
[EventType "swiss"]
[EventRounds "9"]
[EventCountry "CZE"]

1. e4 c6 2. Nc3 d5 3. Nf3 Bg4 4. exd5 cxd5 5. d4 Nc6 6. Bb5 e6 7. h3 Bh5 8. g4 Bg6 9. Ne5 Qc7 10. h4 f6 11. Nd3 a6 12. Bxc6+ bxc6 13. h5 Bxd3 14. Qxd3 Bd6 15. Ne2 e5 16. f3 Ne7 17. g5 f5 18. dxe5 Bxe5 19. f4 Bd6 20. h6 g6 21. O-O c5 22. Qf3 O-O 23. Bd2 Qc6 24. Qe3 Rae8 25. Rae1 d4 26. Qe6+ Kh8 27. Qc4 Qb5 28. b3 Qxc4 29. bxc4 Nc6 30. a3 Bc7 31. Nc1 Ba5 32. Nb3 Bxd2 33. Nxd2 Na5 34. Kf2 Kg8 35. Rxe8 Rxe8 36. Re1 Rxe1 37. Kxe1 Kf7 38. Ke2 Ke6 39. Kd3 Kd6 40. Nf3 Nc6 41. c3 dxc3 42. Kxc3 Kc7 43. Kd3 Kd6 44. Nh4 Ne7 45. Kc3 Kc7 46. Kb3 Kb6 47. Nf3 1/2-1/2

[Event "28. Klatovy A 2022"]
[Site "Klatovy"]
[Date "2022.07.08"]
[Round "7.16"]
[White "Martirosyan, David"]
[Black "Strnad, Jakub"]
[Result "1-0"]
[WhiteElo "1826"]
[BlackElo "1994"]
[PlyCount "77"]
[EventDate "2022.07.02"]
[EventType "swiss"]
[EventRounds "9"]
[EventCountry "CZE"]

1. d4 d5 2. Nf3 Nf6 3. e3 e6 4. Bd3 Bd6 5. Nbd2 Nbd7 6. O-O O-O 7. b3 e5 8. dxe5 Nxe5 9. Nxe5 Bxe5 10. Rb1 c6 11. Nf3 Bc7 12. Bb2 Bg4 13. Be2 Re8 14. Bxf6 Qxf6 15. Qd4 Qxd4 16. Nxd4 Bxe2 17. Nxe2 Be5 18. Rfd1 Rad8 19. g3 c5 20. Rd2 Rd6 21. Rbd1 Red8 22. f4 Bf6 23. e4 Be7 24. exd5 Bf6 25. c4 Kf8 26. Kg2 a6 27. Ng1 b5 28. Nf3 bxc4 29. bxc4 Rb6 30. Ne5 g6 31. Re1 Rdd6 32. Ree2 Rb4 33. Rb2 a5 34. a3 Ra4 35. Rb8+ Rd8 36. Rxd8+ Bxd8 37. Re3 f6 38. Nd7+ Kf7 39. Rc3 1-0

[Event "28. Klatovy A 2022"]
[Site "Klatovy"]
[Date "2022.07.08"]
[Round "7.17"]
[White "Novotny, David"]
[Black "Hosnedl, Jiri"]
[Result "1-0"]
[WhiteElo "1958"]
[BlackElo "1744"]
[PlyCount "71"]
[EventDate "2022.07.02"]
[EventType "swiss"]
[EventRounds "9"]
[EventCountry "CZE"]

1. e4 e5 2. Bc4 Nc6 3. Nf3 Be7 4. O-O Nf6 5. d3 d6 6. a4 Bg4 7. h3 Bh5 8. c3 O-O 9. Re1 Na5 10. Ba2 c5 11. Nbd2 a6 12. Nc4 Nxc4 13. Bxc4 b6 14. b4 Qc7 15. g4 Bg6 16. Bb2 h6 17. b5 a5 18. Kh1 Nh7 19. h4 h5 20. Nh2 Nf6 21. Rg1 Kh7 22. Bc1 Rh8 23. Bg5 Kg8 24. Bxf6 Bxf6 25. g5 Be7 26. Nf1 Kh7 27. Ng3 Kg8 28. Ne2 Qd7 29. Rg3 Kf8 30. f4 exf4 31. Nxf4 Ke8 32. Bd5 Rc8 33. Bc6 Rxc6 34. bxc6 Qxc6 35. Nxg6 fxg6 36. Qb3 1-0

[Event "28. Klatovy A 2022"]
[Site "Klatovy"]
[Date "2022.07.08"]
[Round "7.18"]
[White "Mik, Tomas"]
[Black "Stastny, Jakub"]
[Result "1-0"]
[WhiteElo "1683"]
[BlackElo "2023"]
[PlyCount "79"]
[EventDate "2022.07.02"]
[EventType "swiss"]
[EventRounds "9"]
[EventCountry "CZE"]

1. e4 e6 2. d4 d5 3. e5 c5 4. c3 Qb6 5. Nf3 Bd7 6. Be2 cxd4 7. cxd4 Bb5 8. O-O Bxe2 9. Qxe2 Ne7 10. Na3 Nec6 11. Nc2 Be7 12. Bf4 Nd7 13. b3 O-O 14. Rac1 Rfc8 15. Rfd1 Qa6 16. Qxa6 bxa6 17. Kf1 f6 18. exf6 gxf6 19. Re1 Kf7 20. h3 Nf8 21. g4 Ng6 22. Bg3 Nb4 23. Nxb4 Bxb4 24. Red1 Ba3 25. Rxc8 Rxc8 26. Ke2 Bb4 27. Ne1 Ba5 28. h4 Ne7 29. Bd6 Bxe1 30. Kxe1 Rc2 31. Rd2 Rc1+ 32. Rd1 Rc6 33. Bc5 Ng6 34. h5 Nf4 35. Kd2 e5 36. Ke3 Ke6 37. a4 Rc7 38. b4 f5 39. dxe5 Kxe5 40. Bd4+ 1-0

[Event "28. Klatovy A 2022"]
[Site "Klatovy"]
[Date "2022.07.08"]
[Round "7.19"]
[White "Popov, Roman4"]
[Black "Chalus, Karel"]
[Result "1-0"]
[WhiteElo "1826"]
[BlackElo "1975"]
[PlyCount "47"]
[EventDate "2022.07.02"]
[EventType "swiss"]
[EventRounds "9"]
[EventCountry "CZE"]

1. e4 e5 2. Nf3 Nc6 3. Nc3 Nf6 4. d4 exd4 5. Nxd4 Bb4 6. Nxc6 bxc6 7. Bd3 d5 8. exd5 cxd5 9. O-O O-O 10. h3 c6 11. Qf3 Re8 12. Bf4 Bd6 13. Ne2 Rb8 14. b3 Qc7 15. Rad1 Rb4 16. c4 Bxf4 17. Nxf4 Ba6 18. Rfe1 dxc4 19. Nh5 Rxe1+ 20. Rxe1 Qd8 21. Nxf6+ gxf6 22. bxc4 Bc8 23. Qg3+ Kh8 24. Qh4 1-0

[Event "28. Klatovy A 2022"]
[Site "Klatovy"]
[Date "2022.07.08"]
[Round "7.20"]
[White "Flajsman, Petr"]
[Black "Langmajer, Jan"]
[Result "1-0"]
[WhiteElo "1809"]
[BlackElo "1869"]
[PlyCount "83"]
[EventDate "2022.07.02"]
[EventType "swiss"]
[EventRounds "9"]
[EventCountry "CZE"]

1. e4 c5 2. Nf3 e6 3. d4 cxd4 4. Nxd4 a6 5. c4 Nc6 6. Be3 Nf6 7. Nc3 Bb4 8. Nxc6 bxc6 9. e5 Ne4 10. Qd4 Qa5 11. Rc1 f5 12. exf6 Nxf6 13. a3 Bxc3+ 14. Rxc3 e5 15. Qh4 d6 16. Bd3 Be6 17. O-O Rb8 18. b4 Qc7 19. Bg5 Qf7 20. f4 e4 21. f5 Bxf5 22. Rxf5 exd3 23. Rxd3 O-O 24. Bxf6 Qe6 25. Rff3 Rxf6 26. Rxf6 gxf6 27. Qg3+ Kh8 28. Rxd6 Qxc4 29. Rxf6 Re8 30. Rf1 Qd4+ 31. Qf2 Qxf2+ 32. Kxf2 Kg7 33. Rc1 Re6 34. Rc5 Rd6 35. Ra5 Rd2+ 36. Kg3 Rd3+ 37. Kh4 Rd2 38. Kh3 Rd3+ 39. g3 Rd2 40. Rxa6 Rc2 41. a4 Rb2 42. Rb6 1-0

[Event "28. Klatovy A 2022"]
[Site "Klatovy"]
[Date "2022.07.08"]
[Round "7.21"]
[White "Mametev, Artem"]
[Black "Bartonicek, Zdenek"]
[Result "1-0"]
[WhiteElo "1888"]
[BlackElo "1976"]
[PlyCount "81"]
[EventDate "2022.07.02"]
[EventType "swiss"]
[EventRounds "9"]
[EventCountry "CZE"]

1. e4 e5 2. Nf3 Nc6 3. Bb5 a6 4. Ba4 Nf6 5. O-O Be7 6. Re1 b5 7. Bb3 d6 8. c3 O-O 9. h3 Na5 10. Bc2 c5 11. d4 Qc7 12. Nbd2 Bd7 13. dxe5 dxe5 14. b3 Rac8 15. Nf1 Ne8 16. Ne3 Nf6 17. Nd5 Nxd5 18. exd5 f6 19. Bf4 Bd6 20. Bg3 Rce8 21. Re2 Nb7 22. Qe1 Qc8 23. Qb1 e4 24. Rxe4 Rxe4 25. Bxe4 f5 26. Bc2 Bxg3 27. fxg3 Re8 28. Qf1 Re3 29. c4 Qe8 30. Re1 bxc4 31. bxc4 Nd6 32. Rxe3 Qxe3+ 33. Kh2 f4 34. Qb1 fxg3+ 35. Kxg3 Nxc4 36. Bxh7+ Kh8 37. Qd3 Qh6 38. Qxc4 Qd6+ 39. Qf4 Qxf4+ 40. Kxf4 Kxh7 41. Ne5 1-0

[Event "28. Klatovy A 2022"]
[Site "Klatovy"]
[Date "2022.07.08"]
[Round "7.22"]
[White "Borovsky, Ivan 1969"]
[Black "Pick, Stepan"]
[Result "0-1"]
[WhiteElo "1813"]
[BlackElo "1952"]
[PlyCount "68"]
[EventDate "2022.07.02"]
[EventType "swiss"]
[EventRounds "9"]
[EventCountry "CZE"]

1. e4 e6 2. d4 d5 3. Nd2 c5 4. exd5 exd5 5. Ngf3 Nc6 6. Bb5 Bd6 7. dxc5 Bxc5 8. Nb3 Bd6 9. O-O Nge7 10. Bg5 O-O 11. Nbd4 f6 12. Bh4 Ne5 13. Re1 Qb6 14. Ba4 Bg4 15. Bb3 Kh8 16. h3 Bxf3 17. Nxf3 Nf5 18. Nxe5 Bxe5 19. Qg4 Nd4 20. Rab1 Nxb3 21. axb3 Rac8 22. c3 Qxb3 23. f4 Rc4 24. g3 Bd6 25. Qd7 Qb6+ 26. Kg2 Re4 27. Rxe4 dxe4 28. Rd1 Qxb2+ 29. Kh1 Bc5 30. Qd5 Qe2 31. g4 b6 32. g5 fxg5 33. Bxg5 Qf3+ 34. Kh2 Bf2 0-1

[Event "28. Klatovy A 2022"]
[Site "Klatovy"]
[Date "2022.07.08"]
[Round "7.23"]
[White "Richter, Martin1"]
[Black "Roubal, Matyas"]
[Result "0-1"]
[WhiteElo "1929"]
[BlackElo "1909"]
[PlyCount "62"]
[EventDate "2022.07.02"]
[EventType "swiss"]
[EventRounds "9"]
[EventCountry "CZE"]

1. e4 c5 2. Nc3 Nc6 3. Bb5 Nd4 4. Nf3 g6 5. Nxd4 cxd4 6. Ne2 Bg7 7. O-O a6 8. Ba4 e6 9. d3 Ne7 10. Bg5 O-O 11. Bb3 Kh8 12. f4 d6 13. Ng3 f6 14. Bh4 e5 15. Ne2 Bg4 16. fxe5 dxe5 17. Qd2 Qd7 18. c3 dxc3 19. bxc3 Rad8 20. Rad1 Be6 21. d4 Bxb3 22. axb3 Qg4 23. Qe1 Qxe4 24. dxe5 Rxd1 25. Qxd1 Qxh4 26. exf6 Bxf6 27. Rf4 Qh6 28. Qd6 Qg7 29. Rc4 Qf7 30. Rc7 Kg8 31. h3 Qd5 0-1

[Event "28. Klatovy A 2022"]
[Site "Klatovy"]
[Date "2022.07.08"]
[Round "7.24"]
[White "Mach, Ondrej"]
[Black "Cecil, Pavel"]
[Result "1-0"]
[WhiteElo "1910"]
[BlackElo "1898"]
[PlyCount "111"]
[EventDate "2022.07.02"]
[EventType "swiss"]
[EventRounds "9"]
[EventCountry "CZE"]

1. d4 Nf6 2. c4 g6 3. Nc3 d5 4. Bf4 Bg7 5. e3 O-O 6. cxd5 Nxd5 7. Nxd5 Qxd5 8. Bxc7 Nc6 9. Ne2 b6 10. Nc3 Qd7 11. Bg3 e6 12. Be2 Bb7 13. O-O Rfd8 14. Bf3 Rac8 15. Rc1 Ba6 16. Be2 Bxe2 17. Qxe2 Nb4 18. Rfd1 Nd5 19. Ne4 Rxc1 20. Rxc1 Rc8 21. Qd2 Rc6 22. Nc3 Qc8 23. Ne2 Rxc1+ 24. Qxc1 Qxc1+ 25. Nxc1 Kf8 26. Kf1 Ke8 27. Ke2 Kd7 28. Kd3 Kc6 29. a3 Bf8 30. e4 Nf6 31. Ne2 Bh6 32. b3 b5 33. f3 a6 34. Be1 Bf8 35. a4 Nd7 36. Ba5 Be7 37. Nc3 Nf6 38. Na2 h5 39. Bb4 Bd8 40. Nc3 Nd7 41. d5+ exd5 42. exd5+ Kb6 43. axb5 axb5 44. Bd6 f5 45. b4 Bf6 46. Ne2 g5 47. Nd4 Bxd4 48. Kxd4 Kb7 49. Be7 g4 50. fxg4 fxg4 51. Ke4 Kc7 52. Kf5 Nb6 53. Ke6 Nd7 54. Bd6+ Kd8 55. Bg3 Kc8 56. Kd6 1-0